000 01140cam a2200313 a 4500
999 _c20774
_d20774
001 563878
003 BDDh-ASL
005 20231015025932.0
008 890703s1990 enkab b 001 0 eng
010 _a 89017348
020 _a0521268842
040 _aDLC
_cDLC
_dDLC
_dBDDh-ASL
043 _aa-ii---
_aa-pk---
050 0 0 _aDS436
_b.N47 1987 pt. 2, vol. 3
_aDS485.P3
082 0 0 _a954.5088
_220
_bGRS
100 1 _aGrewal, J. S.
245 1 4 _aThe Sikhs of the Punjab /
_cJ.S. Grewal.
260 _aCambridge [England] ;
_aNew York :
_bCambridge University Press,
_c1990.
300 _axxv, 264 p. :
_bill., maps ;
_c24 cm.
440 4 _aThe New Cambridge history of India ;
_vII, 3
504 _aIncludes bibliographical references (p. 246-254) and index.
650 0 _aSikhs
_xHistory.
651 0 _aPunjab (India)
_xHistory.
856 4 2 _3Publisher description
_uhttp://www.loc.gov/catdir/description/cam023/89017348.html
856 4 1 _3Table of contents
_uhttp://www.loc.gov/catdir/toc/cam022/89017348.html
906 _a7
_bcbc
_corignew
_d1
_eocip
_f19
_gy-gencatlg
942 _2ddc
_cBK